Numerical methods in finance and economics : a MATLAB-based introduction (Record no. 60266)

000 -LEADER
fixed length control field 00474nam a22001577a 4500
003 - CONTROL NUMBER IDENTIFIER
control field NUST - PNEC
005 - DATE AND TIME OF LATEST TRANSACTION
control field 20170114142548.0
008 - FIXED-LENGTH DATA ELEMENTS--GENERAL INFORMATION
fixed length control field 160322b xxu||||| |||| 00| 0 eng d
020 ## - INTERNATIONAL STANDARD BOOK NUMBER
International Standard Book Number 9780471745037
040 ## - CATALOGING SOURCE
Transcribing agency BOOK BANK
082 ## - DEWEY DECIMAL CLASSIFICATION NUMBER
Classification number 332.015 BRA
100 ## - MAIN ENTRY--PERSONAL NAME
9 (RLIN) 16777
Personal name Brandimarte, Paolo
245 ## - TITLE STATEMENT
Title Numerical methods in finance and economics : a MATLAB-based introduction
Statement of responsibility, etc. Paolo, Brandimarte
650 ## - SUBJECT ADDED ENTRY--TOPICAL TERM
9 (RLIN) 16780
Topical term or geographic name entry element Finance--Mathematical models
942 ## - ADDED ENTRY ELEMENTS (KOHA)
Source of classification or shelving scheme
Koha item type Book
Holdings
Withdrawn status Lost status Source of classification or shelving scheme Damaged status Not for loan Permanent Location Current Location Shelving location Date acquired Cost, normal purchase price Total Checkouts Full call number Barcode Date last seen Date last checked out Price effective from Koha item type
          Pakistan Navy Engineering College (PNEC) Pakistan Navy Engineering College (PNEC)     1950.00 2 332.015 BRA PNECBB-007437 05/13/2016 05/13/2016   Book
© 2023 Central Library, National University of Sciences and Technology. All Rights Reserved.